|
|
|
|
| LEADER |
00000cam a2200000 7i4500 |
| 001 |
0000002607 |
| 005 |
20030827.0 |
| 020 |
0 |
0 |
|a 9832088046
|
| 090 |
0 |
0 |
|a 678.3
|b AIK 1999
|
| 100 |
0 |
0 |
|a A. IKRAM
|
| 245 |
1 |
0 |
|a Environment - friendly natural rubber gloves
|c A. Ikram
|
| 260 |
0 |
0 |
|a Kuala Lumpur :
|b Malaysian Rubber Board ,
|c 1999
|
| 300 |
|
|
|a [21] p. :
|b col. ill. ;
|c 23 cm.
|
| 440 |
0 |
0 |
|a Malaysian Rubber Board monograph; no. 2
|
| 500 |
0 |
0 |
|a Bibliography: p. 10-13
|
| 650 |
0 |
0 |
|a Biodegradation
|
| 650 |
0 |
0 |
|a Gloves
|z Malaysia
|
| 650 |
0 |
0 |
|a Rubber industry and trade
|x Environmental aspects
|z Malaysia
|
| 710 |
1 |
1 |
|a Lembaga Getah Malaysia
|
| 998 |
|
|
|a JPSM
|
| 999 |
|
|
|a 0000004694
|b Monograph
|c Open Shelf
|e Default branch
|